|
|
|
|
| LEADER |
01475nam a2200397 a 4500 |
| 001 |
EBC308207 |
| 003 |
MiAaPQ |
| 005 |
20200520144314.0 |
| 006 |
m o d | |
| 007 |
cr cn||||||||| |
| 008 |
061102s2007 nyu sb 001 0 eng |
| 010 |
|
|
|z 2006036370
|
| 020 |
|
|
|z 1403979693 (alk. paper)
|
| 020 |
|
|
|z 9781403979698 (alk. paper)
|
| 035 |
|
|
|a (MiAaPQ)EBC308207
|
| 035 |
|
|
|a (Au-PeEL)EBL308207
|
| 035 |
|
|
|a (CaPaEBR)ebr10194136
|
| 035 |
|
|
|a (CaONFJC)MIL136331
|
| 035 |
|
|
|a (OCoLC)437187367
|
| 040 |
|
|
|a MiAaPQ
|c MiAaPQ
|d MiAaPQ
|
| 050 |
|
4 |
|a HB99.5
|b .R64 2007
|
| 082 |
0 |
4 |
|a 330
|2 22
|
| 100 |
1 |
|
|a Rodriguez, Jacob P.
|
| 245 |
1 |
4 |
|a The cost of institutions
|h [electronic resource] :
|b information and freedom in expanding economies /
|c Jacob P. Rodriguez, Steven R. Loomis, and Joseph G. Weeres.
|
| 250 |
|
|
|a 1st ed.
|
| 260 |
|
|
|a New York :
|b Palgrave Macmillan,
|c 2007.
|
| 300 |
|
|
|a viii, 198 p.
|
| 504 |
|
|
|a Includes bibliographical references (p. [179]-187) and index.
|
| 533 |
|
|
|a Electronic reproduction. Ann Arbor, MI : ProQuest, 2015. Available via World Wide Web. Access may be limited to ProQuest affiliated libraries.
|
| 650 |
|
0 |
|a Institutional economics.
|
| 650 |
|
0 |
|a Knowledge management.
|
| 655 |
|
4 |
|a Electronic books.
|
| 700 |
1 |
|
|a Loomis, Steven R.
|
| 700 |
1 |
|
|a Weeres, Joseph G.,
|d 1939-
|
| 710 |
2 |
|
|a ProQuest (Firm)
|
| 856 |
4 |
0 |
|u https://ebookcentral.proquest.com/lib/matrademy/detail.action?docID=308207
|z Click to View
|